000 00789nam a2200229 a 4500
001 56108
003 BD-RjUL
005 20211209080344.0
008 161126s1965 bg ||||| |||| 00| 0 ben d
020 _c: TK 2.00
035 _a(BD-RjUL) 56232
040 _aBD-RjUL
_bben
_cBD-RjUL
041 _aben
082 _223
_a891.439308
_bNUT 1956
245 0 0 _aনূতন ঊর্দু গল্প :
_bআধুনিক ঊর্দু গল্পের সংকলন /
250 _a১ম সং .
260 _aঢাকা :
_bপাকিস্তান পাবলিকেশন্স,
_c১৯৫৬
300 _a১৯৭ পৃ. ;
_c১৭ সেমি .
650 _aঊর্দু গল্প
_9167023
650 _aUrdu Story
_9167024
942 _2ddc
_cBK
999 _c56108
_d56108